| 000 -LEADER |
| fixed length control field |
01616cam a2200361 i 4500 |
| 001 - CONTROL NUMBER |
| control field |
431873 |
| 003 - CONTROL NUMBER IDENTIFIER |
| control field |
OSt |
| 005 - DATE AND TIME OF LATEST TRANSACTION |
| control field |
20241112104548.0 |
| 008 - FIXED-LENGTH DATA ELEMENTS--GENERAL INFORMATION |
| fixed length control field |
240717t20172016enka j 000 f eng d |
| 020 ## - INTERNATIONAL STANDARD BOOK NUMBER |
| International Standard Book Number |
9781035033454 |
| Qualifying information |
(pbk.) : |
| 035 ## - SYSTEM CONTROL NUMBER |
| System control number |
(OCoLC)1026388705 |
| 040 ## - CATALOGING SOURCE |
| Original cataloging agency |
臺東縣政府文化處 |
| Language of cataloging |
eng |
| Transcribing agency |
臺東縣政府文化處 |
| Description conventions |
AACR2 |
| Modifying agency |
KH8 |
| 041 0# - LANGUAGE CODE |
| Language code of text/sound track or separate title |
eng |
| 042 ## - AUTHENTICATION CODE |
| Authentication code |
nbic |
| 082 0# - DEWEY DECIMAL CLASSIFICATION NUMBER |
| Classification number |
823.92 GRI |
| 100 1# - MAIN ENTRY--PERSONAL NAME |
| Personal name |
Griffiths, Andy, |
| Dates associated with a name |
1961- |
| Relator term |
aut. |
| 245 14 - TITLE STATEMENT |
| Title |
The 78-story treehouse / |
| Statement of responsibility, etc. |
by Andy Griffiths & Terry Denton. |
| 260 ## - PUBLICATION, DISTRIBUTION, ETC. |
| Place of publication, distribution, etc. |
London : |
| Name of publisher, distributor, etc. |
Macmillan Children's Books, |
| Date of publication, distribution, etc. |
2017, c2016. |
| 300 ## - PHYSICAL DESCRIPTION |
| Extent |
375 p. : |
| Other physical details |
ill. ; |
| Dimensions |
20 cm. |
| 500 ## - GENERAL NOTE |
| General note |
"Originally published as The 78-Storey Treehouse in Australia by Pan Macmillan Australia Pty Ltd. in 2016"--T.p. verso. |
| 505 0# - FORMATTED CONTENTS NOTE |
| Formatted contents note |
The 78-story treehouse -- Treehouse: The Movie -- Spin, spin, spin -- Scribble, scribble, scribble -- Day of the living puddle -- Trouble in Andyland -- Cowduggery! -- My Autobiography of My Life by Me (and Not Terry) -- The chip thief -- Andy vesus Terry -- Big-shot movie stars -- Cowhouse: The Mooo-vie -- The last chapter. |
| 520 ## - SUMMARY, ETC. |
| Summary, etc. |
Andy and Terry must get past their differences to save their story ideas from a herd of spy cows. |
| 650 #0 - SUBJECT ADDED ENTRY--TOPICAL TERM |
| Topical term or geographic name entry element |
Tree houses |
| Form subdivision |
Juvenile fiction. |
| 650 #0 - SUBJECT ADDED ENTRY--TOPICAL TERM |
| Topical term or geographic name entry element |
Imagination |
| Form subdivision |
Juvenile fiction. |
| 650 #0 - SUBJECT ADDED ENTRY--TOPICAL TERM |
| Topical term or geographic name entry element |
Authors |
| Form subdivision |
Juvenile fiction. |
| 650 #0 - SUBJECT ADDED ENTRY--TOPICAL TERM |
| Topical term or geographic name entry element |
Illustrators |
| Form subdivision |
Juvenile fiction. |
| 650 #1 - SUBJECT ADDED ENTRY--TOPICAL TERM |
| Topical term or geographic name entry element |
Tree houses |
| Form subdivision |
Fiction. |
| 650 #1 - SUBJECT ADDED ENTRY--TOPICAL TERM |
| Topical term or geographic name entry element |
Imagination |
| Form subdivision |
Fiction. |
| 650 #1 - SUBJECT ADDED ENTRY--TOPICAL TERM |
| Topical term or geographic name entry element |
Authors |
| Form subdivision |
Fiction. |
| 650 #1 - SUBJECT ADDED ENTRY--TOPICAL TERM |
| Topical term or geographic name entry element |
Illustrators |
| Form subdivision |
Fiction. |
| 700 1# - ADDED ENTRY--PERSONAL NAME |
| Personal name |
Denton, Terry, |
| Relator term |
ill. |
| 942 ## - ADDED ENTRY ELEMENTS (KOHA) |
| Source of classification or shelving scheme |
|
| Koha item type |
Books - Fiction |